Personaggi di fantasia - E - - Statistics

Statistiche generali
  • Questo quiz è stato fatto 2.263 volte
  • Il punteggio medio è 7 su 16
Statistiche sulle risposte
con Immagini Risposta % Corretto
Elsa
97%
Edward Cullen
72%
Esmeralda
63%
Ettore
49%
Edna Mode
47%
Era
40%
Elisa di Rivombrosa
38%
Ebenezer Scrooge
35%
EVE
35%
Elizabeth Bennet
34%
Emmett Brown
32%
Ezechiele Lupo
28%
Elastigirl
27%
Elrond
23%
Ethan Hunt
21%
Egon Splenger
10%
Nessun quiz corrispondente trovato
Distribuzione punteggi
Percentuale di utenti per punteggio
Percentile per numero di risposta
I tuoi punteggi nel tempo
Non hai fatto questo quiz